| 000 | 00784nam a22002297a 4500 | ||
|---|---|---|---|
| 005 | 20170124105947.0 | ||
| 010 | _a469286 | ||
| 020 | _c00.00 | ||
| 035 | _a469286 | ||
| 037 | _bCen Lib/Ret | ||
| 040 |
_aDPL _bEN |
||
| 082 |
_a338.74 _bLOT |
||
| 100 |
_aLotia, Chandrakant _912637 |
||
| 245 |
_aManagerial problems of the public sector in India / _cby Chandrakant Lotia |
||
| 260 |
_aBombay _bP. C. Manaktala and Sons _c1967 |
||
| 270 |
_a6 Fair Field, Road No. 4, Churchgate _bBombay |
||
| 300 |
_aix,327p. _c21cm(Hb) |
||
| 500 | _aIncludes bibliographic references and index | ||
| 650 |
_aEconomic plans _zIndia _971911 |
||
| 650 |
_aDevelopment and policy _971912 |
||
| 942 |
_2ddc _cEN _h338.74 _mLOT |
||
| 999 |
_c124997 _d124997 |
||